000 00589nam a22001337a 4500
020 _a0-7445-8907-X
082 _a823
_bMCD/J
100 _aMCDONALD, MEGAN
245 _aJUDY MOODY GETS FAMOUS
260 _aLONON
_bWALKER BOOKS LTD
_c2001
300 _a115
520 _aJudy Moody is in a jealous mood. Jealous of classmate Jessica Finch, that is, who gets her picture on the front page of the newspaper. When Judy sets off in pursuit of her own fame and happiness, watch out! She's so determined, she just might find it — or she might merely become more INFAMOUS than ever.
942 _cBK
999 _c6219
_d6219